[Event "AUTO-INT-707"]
[Site "http://www.queenalice.com/game.php?id=414352"]
[Date "2008.6.6"]
[Round "2"]
[White "Pinha"]
[Black "LaurieTournier"]
[Result "0-1"]
[WhiteElo "1752"]
[BlackElo "1828"]

1. e4 e6 2. d4 d5 3. Nc3 Nf6 4. Bg5 Bb4 5. exd5 exd5 6. Qe2+ Be6 7. Qb5+ Nc6 8.
Qxb7 Bd7 9. Bxf6 gxf6 10. Bb5 Rb8 11. Qa6 Qe7+ 12. Ne2 Nxd4 13. Bxd7+ Kxd7 0-1

[Event "AUTO-OPEN-1012"]
[Site "http://www.queenalice.com/game.php?id=438046"]
[Date "2008.7.24"]
[Round "2"]
[White "LaurieTournier"]
[Black "theblackfox"]
[Result "0-1"]
[WhiteElo "1814"]
[BlackElo "1779"]

1. e4 e5 2. Nf3 Nc6 3. Bb5 Nf6 4. d4 Nxe4 5. dxe5 Bc5 6. O-O O-O 7. Nbd2 Nxd2 8.
Bxd2 Re8 9. Bc3 a6 10. Bxc6 bxc6 11. Re1 d6 12. Qd3 d5 13. Nd4 Bb7 14. e6 f6 15.
Nf5 g6 16. Nh6+ Kh8 17. Nf7+ Kg7 18. Nxd8 Raxd8 19. Qf3 Be7 20. Re3 d4 0-1

[Event "AUTO-OPEN-1012"]
[Site "http://www.queenalice.com/game.php?id=438047"]
[Date "2008.7.24"]
[Round "2"]
[White "theblackfox"]
[Black "LaurieTournier"]
[Result "1-0"]
[WhiteElo "1796"]
[BlackElo "1797"]

1. e4 e6 2. d4 d5 3. Nc3 Nf6 4. e5 Nfd7 5. Nf3 c5 6. Bb5 Nc6 7. O-O Be7 8. h4
O-O 9. Bg5 Bxg5 10. Nxg5 h6 11. Nf3 cxd4 12. Nxd4 Ncxe5 13. a4 Qxh4 14. Nf3
Nxf3+ 15. Qxf3 Ne5 16. Qe3 Ng4 17. Qg3 Qxg3 18. fxg3 Ne3 19. Rfc1 1-0

[Event "AUTO-OPEN-1206"]
[Site "http://www.queenalice.com/game.php?id=438093"]
[Date "2008.7.24"]
[Round "1"]
[White "montelo"]
[Black "LaurieTournier"]
[Result "1-0"]
[WhiteElo "1613"]
[BlackElo "1779"]

1. e4 e6 2. c3 d5 3. e5 c5 4. Nh3 Nc6 5. f4 Nge7 6. Qa4 Bd7 7. Qb5 Nf5 8. Qxb7
Rb8 9. Qa6 c4 10. b4 cxb3 11. axb3 Rxb3 12. Na3 Be7 13. Bb5 Qc7 14. Ba4 Rb6 15.
Qe2 d4 16. c4 O-O 17. Nb5 Qb8 18. Bc2 Nb4 19. d3 Rc8 20. Rxa7 Bxb5 21. g4 Ne3
22. Bxe3 Qxa7 23. Bxd4 Bc5 24. Bxc5 Rxc5 25. Qf2 1-0

[Event "AUTO-OPEN-1206"]
[Site "http://www.queenalice.com/game.php?id=438094"]
[Date "2008.7.24"]
[Round "1"]
[White "LaurieTournier"]
[Black "montelo"]
[Result "0-1"]
[WhiteElo "1756"]
[BlackElo "1636"]

1. e4 e5 2. Nf3 Nc6 3. Bb5 f6 4. O-O b6 5. d4 Bb7 6. d5 Nce7 7. Nc3 g5 8. Be2
Bg7 9. Be3 Nh6 10. d6 Nc6 11. Nb5 cxd6 12. Nxd6+ Ke7 13. Nxg5 fxg5 14. Bxg5+ Bf6
15. Nxb7 Qc7 16. Bxf6+ Kxf6 17. Nd6 Nd4 18. Qd2 Nxe2+ 19. Qxe2 Qxd6 20. Rad1 Qe6
21. Rd3 Qxa2 0-1

[Event "AUTO-OPEN-1206"]
[Site "http://www.queenalice.com/game.php?id=438119"]
[Date "2008.7.24"]
[Round "1"]
[White "PudVein"]
[Black "LaurieTournier"]
[Result "1-0"]
[WhiteElo "1915"]
[BlackElo "1692"]

1. e4 e6 2. d4 d5 3. Nd2 c5 4. c3 cxd4 5. cxd4 dxe4 6. Nxe4 Bb4+ 7. Nc3 Nf6 8.
Nf3 Nc6 9. Bb5 O-O 10. O-O Ne7 11. h3 Ned5 12. Nxd5 Nxd5 13. Bc4 b6 14. Bd2 Bxd2
15. Qxd2 Bb7 16. Bxd5 Bxd5 17. Ne5 Qh4 18. a3 Rac8 19. Rac1 Qe4 20. Nf3 Qg6 21.
Qe3 Qh5 22. Kh2 Bxf3 23. Qxf3 Qxf3 24. gxf3 Rfd8 25. Rxc8 1-0

[Event "AUTO-OPEN-1206"]
[Site "http://www.queenalice.com/game.php?id=438120"]
[Date "2008.7.24"]
[Round "1"]
[White "LaurieTournier"]
[Black "PudVein"]
[Result "0-1"]
[WhiteElo "1685"]
[BlackElo "1922"]

1. e4 e5 2. Nf3 Nc6 3. Bb5 Nd4 4. Nxd4 exd4 5. d3 c6 6. Bc4 d5 7. exd5 cxd5 8.
Bb3 Nf6 9. O-O Be7 10. Re1 O-O 11. Bf4 Be6 12. Nd2 Bd6 13. Bxd6 Qxd6 14. Nf3 Qc5
15. h3 b5 16. Ng5 Rfe8 17. Nxe6 fxe6 18. Qf3 a5 19. a4 b4 20. Re2 Ra7 21. Rae1
Rae7 22. Qg3 Nh5 23. Qg5 g6 24. Bxd5 Ng7 0-1

[Event "AUTO-OPEN-1206"]
[Site "http://www.queenalice.com/game.php?id=438135"]
[Date "2008.7.24"]
[Round "1"]
[White "andres_98"]
[Black "LaurieTournier"]
[Result "1-0"]
[WhiteElo "1323"]
[BlackElo "1600"]

1. e4 e6 2. Be2 d5 3. Bh5 dxe4 4. Qg4 Nf6 5. d3 Nxg4 6. Bxg4 exd3 7. cxd3 Bd6 8.
Bh5 O-O 9. Bf3 Qf6 10. Bd2 Nc6 11. Nc3 Nd4 12. Be4 Nc2+ 13. Kd1 Nxa1 14. Nb5
Qxb2 15. Nh3 1-0

[Event "AUTO-OPEN-1206"]
[Site "http://www.queenalice.com/game.php?id=438136"]
[Date "2008.7.24"]
[Round "1"]
[White "LaurieTournier"]
[Black "andres_98"]
[Result "1-0"]
[WhiteElo "1811"]
[BlackElo "1496"]

1. e4 e5 2. Nf3 Bc5 3. Bc4 Bb6 4. Nxe5 Qh4 5. Qf3 Qe7 6. Nxf7 Qc5 7. d3 Nf6 8.
Nxh8 g6 9. Qxf6 g5 10. Bf7+ Kf8 11. Bg6+ Kg8 12. Qf7+ Kxh8 13. Qxh7# 1-0

[Event "AUTO-ADV-983"]
[Site "http://www.queenalice.com/game.php?id=438271"]
[Date "2008.7.24"]
[Round "1"]
[White "alexandre35"]
[Black "LaurieTournier"]
[Result "1-0"]
[WhiteElo "1736"]
[BlackElo "1657"]

1. c4 Nf6 2. d4 c5 3. Nc3 g6 4. Nf3 Bg7 5. g3 O-O 6. Be3 cxd4 7. Bxd4 d6 8. Bg2
Nc6 9. O-O Bf5 10. Bxf6 Bxf6 11. e4 Be6 12. Rc1 Rc8 13. Nd5 Bg7 14. a3 Qd7 15.
b4 Bxd5 16. exd5 Ne5 17. Nxe5 Bxe5 18. c5 a5 19. c6 bxc6 20. dxc6 Qa7 21. b5 1-0

[Event "AUTO-ADV-983"]
[Site "http://www.queenalice.com/game.php?id=438272"]
[Date "2008.7.24"]
[Round "1"]
[White "LaurieTournier"]
[Black "alexandre35"]
[Result "0-1"]
[WhiteElo "1644"]
[BlackElo "1749"]

1. e4 c5 2. Nf3 d6 3. d4 cxd4 4. Nxd4 Nf6 5. Nc3 e5 6. Ndb5 a6 7. Na3 b5 8. Nd5
Bb7 9. Bg5 Bxd5 10. exd5 Be7 11. Be2 h6 12. Bxf6 Bxf6 13. c3 O-O 14. Nc2 Nd7 15.
Nb4 Qc7 16. Nc6 Nc5 17. O-O e4 18. Re1 Nd3 19. Bxd3 exd3 20. Qxd3 Rfe8 0-1

[Event "AUTO-ADV-983"]
[Site "http://www.queenalice.com/game.php?id=438287"]
[Date "2008.7.24"]
[Round "1"]
[White "LaurieTournier"]
[Black "cyrilledeLePin"]
[Result "0-1"]
[WhiteElo "1735"]
[BlackElo "1804"]

1. e4 e6 2. d3 d5 3. Nd2 c5 4. g3 b5 5. Bg2 Bb7 6. Ngf3 dxe4 7. dxe4 Nf6 8. Qe2
Qa5 9. O-O Bd6 10. e5 Bxe5 11. Nxe5 Bxg2 12. Kxg2 O-O 13. Nb3 Qc7 14. Bg5 Nbd7
15. Nxd7 Nxd7 16. Qg4 Ne5 17. Qe2 Qc6+ 0-1

[Event "AUTO-ADV-983"]
[Site "http://www.queenalice.com/game.php?id=438288"]
[Date "2008.7.24"]
[Round "1"]
[White "cyrilledeLePin"]
[Black "LaurieTournier"]
[Result "1-0"]
[WhiteElo "1817"]
[BlackElo "1722"]

1. e4 e6 2. d4 d5 3. exd5 exd5 4. Nf3 Bd6 5. Bd3 Ne7 6. O-O Nbc6 7. Nc3 Bg4 8.
Re1 O-O 9. Bxh7+ Kh8 10. Bd3 Nxd4 11. Be2 Nxe2+ 12. Qxe2 Nf5 13. h3 Nd4 14. Qd3
Nxf3+ 15. gxf3 Bxh3 16. f4 Qd7 17. Re3 Bf5 18. Qxd5 Bxf4 19. Rf3 1-0

[Event "AUTO-ADV-983"]
[Site "http://www.queenalice.com/game.php?id=438289"]
[Date "2008.7.24"]
[Round "1"]
[White "LaurieTournier"]
[Black "Ponce"]
[Result "1-0"]
[WhiteElo "1816"]
[BlackElo "1653"]

1. e4 e5 2. Nf3 d6 3. Bc4 h6 4. d4 Qf6 5. Nc3 Bg4 6. Nd5 Qd8 7. h3 Bd7 8. dxe5
c6 9. Nc3 dxe5 10. Nxe5 Qf6 11. Nxf7 Bc5 12. O-O Rh7 13. Qh5 g6 14. Qxc5 b6 15.
Qe5+ Qxe5 16. Nxe5 b5 17. Bxg8 Rg7 18. Nxd7 Nxd7 19. Bb3 g5 20. Re1 Ne5 21. Be3
a5 22. a4 b4 23. Ne2 Nd7 24. Nd4 Ne5 25. Ne6 Re7 26. Rad1 Kf7 27. Nc7+ 1-0

[Event "AUTO-ADV-983"]
[Site "http://www.queenalice.com/game.php?id=438290"]
[Date "2008.7.24"]
[Round "1"]
[White "Ponce"]
[Black "LaurieTournier"]
[Result "0-1"]
[WhiteElo "1674"]
[BlackElo "1825"]

1. e4 e6 2. d4 d5 3. e5 c5 4. Nf3 Nc6 5. Be3 Qb6 6. Be2 Qxb2 7. Nbd2 cxd4 8.
Bxd4 Nxd4 9. Nxd4 Qxd4 10. Nf3 Bb4+ 11. Nd2 Bxd2+ 12. Kf1 Bc3 13. Rb1 Ne7 14.
Qxd4 Bxd4 15. f4 Nf5 16. Bd3 Ne3+ 17. Ke1 Nxg2+ 18. Kd2 Nxf4 19. Bb5+ Ke7 20.
Rhe1 Rb8 21. c3 Bb6 22. a4 Bd7 23. Bxd7 Kxd7 24. Red1 Rhc8 25. Kc2 Ne2 26. Rd2
Nxc3 27. Rd3 Nxb1+ 28. Kxb1 Rc4 29. Ra3 Rbc8 30. a5 Rc1+ 31. Kb2 R8c2+ 32. Kb3
Rc3+ 33. Kb2 Rxa3 34. Kxc1 Bxa5 0-1

[Event "AUTO-ADV-835"]
[Site "http://www.queenalice.com/game.php?id=452703"]
[Date "2008.8.24"]
[Round "2"]
[White "LaurieTournier"]
[Black "arvo1938"]
[Result "0-1"]
[WhiteElo "1678"]
[BlackElo "1885"]

1. e4 e5 2. Nf3 Nc6 3. Bb5 a6 4. Ba4 Nf6 5. O-O b5 6. Bb3 Bc5 7. Re1 O-O 8. c3
d6 9. h3 Bb7 10. d4 exd4 11. cxd4 Bb4 12. Nc3 Na5 13. Bc2 Bxc3 0-1

[Event "AUTO-ADV-835"]
[Site "http://www.queenalice.com/game.php?id=452704"]
[Date "2008.8.24"]
[Round "2"]
[White "arvo1938"]
[Black "LaurieTournier"]
[Result "1-0"]
[WhiteElo "1893"]
[BlackElo "1670"]

1. e4 e6 2. d4 d5 3. exd5 exd5 4. Nc3 Nf6 5. Bg5 Bb4 6. Qe2+ Be6 7. Qb5+ Nc6 8.
Nf3 Rb8 9. a3 a6 10. Qd3 Be7 11. Be2 O-O 12. Ne5 Nxe5 13. dxe5 Nd7 14. Bxe7 1-0